[Event "Junior Online 4NCL Division 4"]
[Site "online"]
[Date "2022.02.03"]
[EventDate "2022.02.03"]
[Round "2.91"]
[White "Saurymper, Mylo"]
[WhiteElo "1009"]
[WhiteTeam "Edgware Gambits G"]
[Black "Hollands, Sam"]
[BlackElo "1180"]
[BlackTeam "Shropshire Juniors"]
[Result "0-1"]
[PlyCount "86"]

1. e4 c5 2. Nf3 d6 3. d4 cxd4 4. Nxd4 e6 5. Be2 a6 6. Bd2 Nf6 7. Nc3 Nbd7 8. O-O Be7 9. Re1 b5 10. a3 Bb7 11. Bf3 Qb6 12. Be3 Qc7 13. Qe2 Ne5 14. Bf4 Nxf3+ 15. Nxf3 Qd7 16. Rad1 d5 17. e5 Ng4 18. Rd3 f6 19. h3 fxe5 20. Bxe5 Nxe5 21. Nxe5 Qd6 22. Nf3 O-O 23. Qe5 Qxe5 24. Nxe5 Bd6 25. Nd7 Rfe8 26. Nb6 Rad8 27. Ree3 Bc5 28. Rg3 Rf8 29. Nbxd5 Bxf2+ 30. Kh2 Bxg3+ 31. Rxg3 Bxd5 32. b3 Rf2 33. Nd1 Rxg2+ 34. Rxg2 Bxg2 35. Kxg2 Rxd1 36. h4 e5 37. Kf3 Re1 38. h5 e4+ 39. Kg4 e3 40. Kg5 Rg1+ 41. Kh4 e2 42. c4 e1=Q+ 43. Kh3 Qg3# 0-1

[Event "Junior Online 4NCL Division 4"]
[Site "online"]
[Date "2022.02.03"]
[EventDate "2022.02.03"]
[Round "2.92"]
[White "Greenwood, Jennifer"]
[WhiteElo "944"]
[WhiteTeam "Shropshire Juniors"]
[Black "Kantaria, Shivam"]
[BlackElo "926"]
[BlackTeam "Edgware Gambits G"]
[Result "0-1"]
[PlyCount "58"]

1. e4 e5 2. Nf3 Nf6 3. Nc3 Bc5 4. Nxe5 Nc6 5. Nxc6 dxc6 6. Bc4 Ng4 7. d4 Bxd4 8. Be3 Nxe3 9. fxe3 Bxc3+ 10. bxc3 Qh4+ 11. g3 Qxe4 12. Bd3 Qxh1+ 13. Kf2 Qxd1 14. Rxd1 Bg4 15. Rd2 O-O-O 16. e4 Rhe8 17. Ke3 Bf5 18. Kf4 Bxe4 19. g4 Bxd3 20. cxd3 f6 21. d4 g5+ 22. Kf5 Rf8 23. c4 c5 24. d5 c6 25. d6 Rfe8 26. Kxf6 Rf8+ 27. Ke7 Rfe8+ 28. Kf7 Rf8+ 29. Ke7 Rde8# 0-1

[Event "Junior Online 4NCL Division 4"]
[Site "online"]
[Date "2022.02.03"]
[EventDate "2022.02.03"]
[Round "2.93"]
[White "Simmons, Keaton"]
[WhiteElo "925"]
[WhiteTeam "Edgware Gambits G"]
[Black "Wilson, Thomas"]
[BlackElo "944"]
[BlackTeam "Shropshire Juniors"]
[Result "1-0"]
[PlyCount "29"]

1. e4 Nc6 2. Nc3 Nf6 3. Nf3 d5 4. exd5 Nxd5 5. Nxd5 Qxd5 6. d4 Bg4 7. Bf4 Bxf3 8. gxf3 Nxd4 9. Bxc7 Nxf3+ 10. Ke2 Nd4+ 11. Ke1 Nxc2+ 12. Qxc2 Qxh1 13. Qa4+ Qc6 14. Bb5 Qxb5 15. Qxb5# 1-0

[Event "Junior Online 4NCL Division 4"]
[Site "online"]
[Date "2022.02.03"]
[EventDate "2022.02.03"]
[Round "2.94"]
[White "Eden, George"]
[WhiteElo "900"]
[WhiteTeam "Shropshire Juniors"]
[Black "Mehta, Aanya"]
[BlackElo "1000"]
[BlackTeam "Edgware Gambits G"]
[Result "1-0"]
[PlyCount "81"]

1. Nc3 e6 2. e4 Bc5 3. Qe2 b6 4. Nf3 Ba6 5. d3 b5 6. a3 b4 7. axb4 Bb6 8. b5 Bc8 9. Bg5 f6 10. Be3 f5 11. Bg5 Ne7 12. Qd2 O-O 13. Be2 Qe8 14. Be3 Ng6 15. O-O Nh4 16. Nxh4 c5 17. Ra4 Qe7 18. Bg5 Qd6 19. Rd1 h6 20. Bf4 e5 21. Be3 g5 22. Nxf5 Qg6 23. Ne7+ Kh8 24. Nxg6+ Kh7 25. Nxf8+ Kg7 26. Nd5 Kxf8 27. Nxb6 axb6 28. Rxa8 Ke7 29. Rxb8 Kd8 30. Ra1 Kc7 31. Ra7+ Kxb8 32. Ra1 c4 33. dxc4 d5 34. Qxd5 Bb7 35. Qg8+ Kc7 36. Qg6 Bxe4 37. Bxb6+ Kd7 38. Qxe4 g4 39. Qg6 g3 40. Ra7+ Kc8 41. Qg8# 1-0

[Event "Junior Online 4NCL Division 4"]
[Site "online"]
[Date "2022.02.03"]
[EventDate "2022.02.03"]
[Round "2.95"]
[White "Hollands, Sam"]
[WhiteElo "1180"]
[WhiteTeam "Shropshire Juniors"]
[Black "Saurymper, Mylo"]
[BlackElo "1009"]
[BlackTeam "Edgware Gambits G"]
[Result "1-0"]
[PlyCount "119"]

1. c4 e5 2. Nc3 Nc6 3. g3 Nf6 4. Bg2 Bc5 5. d3 O-O 6. Nf3 d5 7. cxd5 Nxd5 8. O-O Bd7 9. Nxd5 Nd4 10. Nxd4 Bxd4 11. Be3 Bxb2 12. Rb1 Ba3 13. Rxb7 Bc6 14. Ne7+ Bxe7 15. Bxc6 Qd6 16. Bg2 Rfb8 17. Bxa7 Rxb7 18. Bxb7 Rxa7 19. Bg2 Rxa2 20. e3 Qa3 21. d4 exd4 22. Qxd4 Qd6 23. Bd5 Ra5 24. Rd1 Bf6 25. Bxf7+ Kxf7 26. Qc4+ Qe6 27. Rd7+ Be7 28. Rxe7+ Kxe7 29. Qxc7+ Kf6 30. Qxa5 g5 31. Qc3+ Ke7 32. Qg7+ Qf7 33. Qxf7+ Kxf7 34. f4 gxf4 35. exf4 Kf6 36. Kf2 h6 37. Kf3 Kf5 38. g4+ Kf6 39. Ke4 Ke6 40. f5+ Kf6 41. h4 Kf7 42. g5 hxg5 43. hxg5 Kg7 44. Ke5 Kf7 45. g6+ Kg7 46. Ke6 Kf8 47. f6 Ke8 48. f7+ Kf8 49. g7+ Kxg7 50. Ke7 Kg6 51. f8=Q Kg5 52. Qg7+ Kf4 53. Qf6+ Ke3 54. Qe5+ Kf3 55. Kf6 Kf2 56. Qe4 Kg3 57. Kg5 Kf2 58. Kf4 Kf1 59. Kg3 Kg1 60. Qg2# 1-0

[Event "Junior Online 4NCL Division 4"]
[Site "online"]
[Date "2022.02.03"]
[EventDate "2022.02.03"]
[Round "2.96"]
[White "Kantaria, Shivam"]
[WhiteElo "926"]
[WhiteTeam "Edgware Gambits G"]
[Black "Greenwood, Jennifer"]
[BlackElo "944"]
[BlackTeam "Shropshire Juniors"]
[Result "0-1"]
[PlyCount "88"]

1. e4 e5 2. Nf3 Nc6 3. Bc4 Nf6 4. Ng5 d5 5. exd5 Nxd5 6. Qf3 Qxg5 7. Bxd5 Qg6 8. Bxc6+ Qxc6 9. Qe3 Bd6 10. d4 e4 11. Nc3 Bf5 12. d5 Qc4 13. b3 Qb4 14. O-O Be5 15. Bd2 O-O-O 16. Na4 Qb5 17. Rad1 Rxd5 18. Qxa7 Rdd8 19. f4 Bd4+ 20. Be3 Bxa7 21. Bxa7 Rxd1 22. Rxd1 Rd8 23. Re1 Re8 24. c4 Qb4 25. Rd1 e3 26. Bxe3 Rxe3 27. h3 Re1+ 28. Rxe1 Qxe1+ 29. Kh2 Qa1 30. b4 Qxa2 31. Nc3 Qxc4 32. Ne2 Qxe2 33. h4 Qe1 34. b5 Qc1 35. b6 cxb6 36. g4 Bxg4 37. h5 Qd2+ 38. Kh1 Bf3+ 39. Kg1 Qe1+ 40. Kh2 Qh1+ 41. Kg3 Qf1 42. Kh4 Qh1+ 43. Kg5 f6+ 44. Kf5 Qh3# 0-1

[Event "Junior Online 4NCL Division 4"]
[Site "online"]
[Date "2022.02.03"]
[EventDate "2022.02.03"]
[Round "2.97"]
[White "Wilson, Thomas"]
[WhiteElo "944"]
[WhiteTeam "Shropshire Juniors"]
[Black "Simmons, Keaton"]
[BlackElo "925"]
[BlackTeam "Edgware Gambits G"]
[Result "1-0"]
[PlyCount "23"]

1. Nf3 d5 2. d4 Nc6 3. c3 Nf6 4. Bg5 Bg4 5. Nbd2 e6 6. h3 h6 7. hxg4 hxg5 8. Rxh8 Nxg4 9. Qa4 Qd7 10. O-O-O Ke7 11. Qa3+ Ke8 12. Qxf8# 1-0

[Event "Junior Online 4NCL Division 4"]
[Site "online"]
[Date "2022.02.03"]
[EventDate "2022.02.03"]
[Round "2.98"]
[White "Mehta, Aanya"]
[WhiteElo "1000"]
[WhiteTeam "Edgware Gambits G"]
[Black "Eden, George"]
[BlackElo "900"]
[BlackTeam "Shropshire Juniors"]
[Result "0-1"]
[PlyCount "33"]

1. e3 Nc6 2. Qh5 Nf6 3. Qe2 d5 4. e4 Bg4 5. f3 Be6 6. exd5 Bxd5 7. c4 Be6 8. c5 Bd5 9. Nc3 e5 10. Nxd5 Nxd5 11. Qc4 Na5 12. Qc2 c6 13. b4 Nxb4 14. Qb1 Bxc5 15. d4 Bxd4 16. f4 O-O 17. Bb2 0-1

[Event "Junior Online 4NCL Division 4"]
[Site "online"]
[Date "2022.02.03"]
[EventDate "2022.02.03"]
[Round "2.101"]
[White "Gunatilake, Avishka"]
[WhiteElo "1067"]
[WhiteTeam "Knights of Fishponds"]
[Black "McAndrew, Rory"]
[BlackElo "1096"]
[BlackTeam "Ojays F"]
[Result "0-1"]
[PlyCount "20"]

1. e4 e5 2. Nf3 Nc6 3. Nc3 Bc5 4. Bc4 Nf6 5. d3 Ng4 6. d4 exd4 7. Nxd4 Nxf2 8. Kxf2 Qf6+ 9. Ke1 Bxd4 10. Nd5 Qf2# 0-1

[Event "Junior Online 4NCL Division 4"]
[Site "online"]
[Date "2022.02.03"]
[EventDate "2022.02.03"]
[Round "2.103"]
[White "Platt, Bella"]
[WhiteElo "740"]
[WhiteTeam "Knights of Fishponds"]
[Black "Gabb, Percy"]
[BlackElo "1100"]
[BlackTeam "Ojays F"]
[Result "0-1"]
[PlyCount "56"]

1. e4 e5 2. Nf3 Nc6 3. Nc3 Bc5 4. Bc4 Nf6 5. d3 O-O 6. O-O d6 7. Ng5 h6 8. Nf3 Bg4 9. Nd5 Nxd5 10. Bxd5 Nd4 11. Nxd4 Bxd1 12. Rxd1 Bxd4 13. Bxb7 Rb8 14. Bd5 Qf6 15. Bc6 Qxf2+ 16. Kh1 Rfe8 17. Bd2 Bxb2 18. Rf1 Qxd2 19. Rfd1 Qxc2 20. Rab1 Qxc6 21. g4 Qa4 22. Rd2 Qxa2 23. Rdxb2 Qxb2 24. Rxb2 Rxb2 25. h4 Reb8 26. g5 R8b3 27. gxh6 Rxd3 28. h5 Rd1# 0-1

[Event "Junior Online 4NCL Division 4"]
[Site "online"]
[Date "2022.02.03"]
[EventDate "2022.02.03"]
[Round "2.105"]
[White "McAndrew, Rory"]
[WhiteElo "1096"]
[WhiteTeam "Ojays F"]
[Black "Gunatilake, Avishka"]
[BlackElo "1067"]
[BlackTeam "Knights of Fishponds"]
[Result "1-0"]
[PlyCount "109"]

1. e4 e5 2. Nf3 Nc6 3. Bc4 Nf6 4. Ng5 d5 5. exd5 Nxd5 6. Nxf7 Kxf7 7. Qf3+ Qf6 8. Qxd5+ Be6 9. Qd7+ Be7 10. Bxe6+ Qxe6 11. Qxc7 Rac8 12. Qxb7 e4 13. Nc3 Na5 14. Qb5 Nc6 15. Qh5+ g6 16. Qe2 Nd4 17. Qd1 e3 18. dxe3 Nc6 19. Qf3+ Bf6 20. O-O Ne5 21. Qb7+ Be7 22. e4 Rb8 23. Qxa7 Ra8 24. Qe3 Ng4 25. Qf3+ Nf6 26. Re1 Kg7 27. h3 Rad8 28. Bg5 Qe5 29. Bxf6+ Bxf6 30. a3 h5 31. Qe3 Be7 32. Qa7 Rhf8 33. Nd5 Rfe8 34. Nxe7 Rxe7 35. Qa4 Ree8 36. Qb4 Re7 37. f4 Rb8 38. fxe5 Rxb4 39. axb4 Rxe5 40. Ra3 Kh6 41. Rb3 Re7 42. b5 Rc7 43. b6 Rb7 44. Rd1 Kh7 45. c4 Kg7 46. c5 Kf7 47. c6 Rb8 48. c7 Rc8 49. b7 Rxc7 50. b8=Q Rc4 51. Qb6 Kg7 52. Rd7+ Kh6 53. Rg3 Rc1+ 54. Kh2 Rc2 55. Qxg6# 1-0

[Event "Junior Online 4NCL Division 4"]
[Site "online"]
[Date "2022.02.03"]
[EventDate "2022.02.03"]
[Round "2.107"]
[White "Gabb, Percy"]
[WhiteElo "1100"]
[WhiteTeam "Ojays F"]
[Black "Platt, Bella"]
[BlackElo "740"]
[BlackTeam "Knights of Fishponds"]
[Result "1-0"]
[PlyCount "43"]

1. e4 e5 2. Nf3 Bc5 3. Nc3 Nf6 4. Bc4 Nc6 5. O-O O-O 6. d3 d6 7. Bg5 Bg4 8. h3 Bxf3 9. Qxf3 Bd4 10. Rfe1 h6 11. Bh4 g5 12. Bg3 Bxc3 13. bxc3 Nh5 14. Qxh5 g4 15. Qxg4+ Kh7 16. Qf5+ Kg7 17. Re3 f6 18. Rf3 h5 19. Qxh5 Rh8 20. Qg4+ Kh7 21. Bf7 Kh6 22. Qg6# 1-0

[Event "Junior Online 4NCL Division 4"]
[Site "online"]
[Date "2022.02.03"]
[EventDate "2022.02.03"]
[Round "2.111"]
[White "Rolletta, Sofia"]
[WhiteElo "1437"]
[WhiteTeam "Golden Falcons Junior"]
[Black "Glover, Riley"]
[BlackElo "1050"]
[BlackTeam "Brentwood School C"]
[Result "0-1"]
[PlyCount "88"]

1. d4 d6 2. e3 e6 3. c3 Be7 4. g3 Bd7 5. Bg2 Nf6 6. b3 c6 7. Bb2 Na6 8. Ne2 O-O 9. O-O Ng4 10. h3 Nf6 11. Nd2 e5 12. Nc4 exd4 13. cxd4 Qc8 14. Na3 Bxh3 15. f4 Bxg2 16. Kxg2 c5 17. Rc1 Ng4 18. Rh1 h6 19. Nc3 Nxe3+ 20. Kf3 Nxd1 21. Rcxd1 cxd4 22. Rxd4 Qc6+ 23. Rd5 Nb4 24. Rd1 h5 25. Nc2 Nxd5 26. Rxd5 h4 27. gxh4 Bxh4 28. Kg4 Be1 29. Nxe1 g6 30. f5 Rfe8 31. Nf3 Re3 32. fxg6 fxg6 33. Ng5 Rxc3 34. Bxc3 Qxd5 35. Nf3 Qf5+ 36. Kg3 Rf8 37. Nh4 Qg5+ 38. Kh3 Qe3+ 39. Kg4 Qxc3 40. Nxg6 Rf3 41. Ne7+ Kf7 42. Nd5 Qd3 43. Nb4 Rg3+ 44. Kf4 Qf3# 0-1

[Event "Junior Online 4NCL Division 4"]
[Site "online"]
[Date "2022.02.03"]
[EventDate "2022.02.03"]
[Round "2.112"]
[White "Phillips, Thomas"]
[WhiteElo "944"]
[WhiteTeam "Brentwood School C"]
[Black "Rolletta, Giuseppe"]
[BlackElo "1037"]
[BlackTeam "Golden Falcons Junior"]
[Result "1-0"]
[PlyCount "45"]

1. e4 e5 2. Nf3 Nf6 3. Nc3 Nc6 4. Bc4 Bc5 5. d3 b6 6. Be3 g6 7. Bxc5 bxc5 8. Nd5 Nxd5 9. Bxd5 Nb4 10. O-O Nxd5 11. exd5 c6 12. d6 O-O 13. Nxe5 Qg5 14. Nf3 Qh5 15. h3 Re8 16. Re1 Kf8 17. Rxe8+ Kxe8 18. Qe2+ Kf8 19. Qe7+ Kg7 20. Ne5 Rb8 21. Qxf7+ Kh6 22. Ng4+ Kg5 23. Qf6# 1-0

[Event "Junior Online 4NCL Division 4"]
[Site "online"]
[Date "2022.02.03"]
[EventDate "2022.02.03"]
[Round "2.115"]
[White "Glover, Riley"]
[WhiteElo "1050"]
[WhiteTeam "Brentwood School C"]
[Black "Rolletta, Sofia"]
[BlackElo "1437"]
[BlackTeam "Golden Falcons Junior"]
[Result "1-0"]
[PlyCount "51"]

1. e3 e6 2. d3 d6 3. Bd2 Bd7 4. Nf3 Nf6 5. d4 d5 6. Nc3 Nc6 7. Bb5 Bb4 8. Bxc6 Bxc3 9. Bxd7+ Qxd7 10. Bxc3 O-O 11. Ne5 Qb5 12. Nd3 Ne4 13. Qg4 Nxc3 14. bxc3 f5 15. Qg5 g6 16. O-O Rad8 17. Rfb1 Qa6 18. Nc5 Qe2 19. h3 Qxc2 20. Nxe6 Qxc3 21. Nxd8 Rxd8 22. Qxd8+ Kf7 23. Qd7+ Kf8 24. Rxb7 Qxa1+ 25. Kh2 Qxa2 26. Rb8# 1-0

[Event "Junior Online 4NCL Division 4"]
[Site "online"]
[Date "2022.02.03"]
[EventDate "2022.02.03"]
[Round "2.122"]
[White "Iyer, Rishabh"]
[WhiteElo "700"]
[WhiteTeam "Edgware Gambits J"]
[Black "Oâ€™Sullivan, Jack"]
[BlackElo "978"]
[BlackTeam "Surrey Kings 3"]
[Result "1-0"]
[PlyCount "92"]

1. e4 e6 2. d4 d5 3. Nc3 Nf6 4. Bd3 c5 5. Be3 b6 6. Nge2 Ba6 7. O-O Nh5 8. Bxa6 Nxa6 9. Re1 e5 10. Qd2 cxd4 11. Bg5 f6 12. Bh4 dxc3 13. Qxc3 Bb4 14. Qc6+ Kf7 15. Red1 Rc8 16. Qb5 Rxc2 17. Rxd5 Qc8 18. a3 g5 19. Bg3 Nxg3 20. Nxg3 Nc7 21. Qxb4 Nxd5 22. exd5 Rd2 23. Qxd2 Qd7 24. Rd1 Rd8 25. Nh5 Kg6 26. Ng3 h5 27. Ne4 Kf5 28. Ng3+ Kg6 29. Ne2 f5 30. Nc3 f4 31. Qd3+ Kf6 32. Ne4+ Ke7 33. Nxg5 h4 34. Qh7+ Kd6 35. Qxd7+ Rxd7 36. Ne4+ Ke7 37. d6+ Ke6 38. a4 Kf5 39. Nc3 Ke6 40. Nb5 a6 41. Nc7+ Kf7 42. a5 bxa5 43. Nxa6 Ke8 44. Nc5 Rd8 45. Nb7 Rb8 46. d7+ Ke7 1-0

[Event "Junior Online 4NCL Division 4"]
[Site "online"]
[Date "2022.02.03"]
[EventDate "2022.02.03"]
[Round "2.123"]
[White "Edwards, Zachary"]
[WhiteElo "882"]
[WhiteTeam "Surrey Kings 3"]
[Black "Trim, Xanthe"]
[BlackElo "775"]
[BlackTeam "Edgware Gambits J"]
[Result "1-0"]
[PlyCount "59"]

1. d4 d5 2. c4 Nf6 3. Nc3 Nc6 4. Nf3 Bg4 5. Bf4 e6 6. h3 Bf5 7. g4 Bb4 8. e3 Be4 9. Bd3 O-O 10. a3 Ba5 11. b4 Bxb4 12. axb4 Nxb4 13. Bxe4 dxe4 14. Ng5 Nd3+ 15. Kf1 e5 16. dxe5 Nd7 17. Ncxe4 c5 18. Qxd3 Qb6 19. Qxd7 Rad8 20. Qa4 h6 21. Nf3 Qe6 22. Nxc5 Qb6 23. Nd7 Qb2 24. Re1 Rfe8 25. Rd1 b5 26. cxb5 Qc2 27. Qxc2 Rxd7 28. Rxd7 f6 29. exf6 gxf6 30. Bxh6 1-0

[Event "Junior Online 4NCL Division 4"]
[Site "online"]
[Date "2022.02.03"]
[EventDate "2022.02.03"]
[Round "2.124"]
[White "Patel, Felicity"]
[WhiteElo "400"]
[WhiteTeam "Edgware Gambits J"]
[Black "Goldhawk, Harrison"]
[BlackElo "938"]
[BlackTeam "Surrey Kings 3"]
[Result "0-1"]
[PlyCount "76"]

1. d4 d5 2. Nc3 Nc6 3. Nf3 Bf5 4. e3 e6 5. Bb5 Bb4 6. O-O Nf6 7. Bxc6+ bxc6 8. Bd2 Ne4 9. Nxe4 Bxd2 10. Nexd2 Rb8 11. Qb1 Rb7 12. Nb3 O-O 13. Nh4 Be4 14. f3 Bg6 15. Na5 Rb6 16. Kf2 Qxh4+ 17. Kg1 Qd8 18. e4 dxe4 19. fxe4 Bxe4 20. Re1 Bd5 21. Rc1 Qb8 22. Nxc6 Bxc6 23. Rf1 Rxb2 24. Qxb2 Qxb2 25. Rae1 Qxc2 26. Rf2 Qc4 27. Ree2 Qxd4 28. Rd2 Qe3 29. Re2 Qb6 30. Rb2 Qd4 31. Rd2 Qe5 32. Rc2 Bb5 33. Rxc7 Qxc7 34. g3 Bc6 35. Kf1 Bb5+ 36. Kg2 Qc6+ 37. Kg1 Qe4 38. Rg2 Qe1# 0-1

[Event "Junior Online 4NCL Division 4"]
[Site "online"]
[Date "2022.02.03"]
[EventDate "2022.02.03"]
[Round "2.125"]
[White "Iyer, Pranav"]
[WhiteElo "700"]
[WhiteTeam "Edgware Gambits J"]
[Black "Josse, Jack"]
[BlackElo "1106"]
[BlackTeam "Surrey Kings 3"]
[Result "1-0"]
[PlyCount "43"]

1. d4 d5 2. e3 Nc6 3. Nf3 Bf5 4. Be2 Nf6 5. O-O Qd6 6. b3 Ng4 7. Bb2 Be4 8. Nbd2 Bxf3 9. Nxf3 e5 10. c4 Nxd4 11. exd4 e4 12. c5 Qh6 13. Bc1 Qh5 14. h3 exf3 15. hxg4 Qxg4 16. Bxf3 Qh4 17. g3 Qh3 18. Bg4 Qxf1+ 19. Qxf1 Rd8 20. Qe1+ Be7 21. Bg5 b6 22. Qxe7# 1-0

[Event "Junior Online 4NCL Division 4"]
[Site "online"]
[Date "2022.02.03"]
[EventDate "2022.02.03"]
[Round "2.126"]
[White "Oâ€™Sullivan, Jack"]
[WhiteElo "978"]
[WhiteTeam "Surrey Kings 3"]
[Black "Iyer, Rishabh"]
[BlackElo "700"]
[BlackTeam "Edgware Gambits J"]
[Result "1-0"]
[PlyCount "127"]

1. e4 e5 2. Nf3 Nc6 3. Bb5 Nf6 4. d3 d6 5. c3 Bd7 6. Nbd2 Be7 7. O-O O-O 8. Re1 Be6 9. Bc4 Qd7 10. Bxe6 Qxe6 11. Nf1 Rfe8 12. Ng3 h6 13. Nh4 Nd7 14. Ngf5 Bxh4 15. Nxh4 Ne7 16. Qf3 Ng6 17. Nf5 Nf6 18. Qg3 Rad8 19. Nh4 Nxh4 20. Qxh4 h5 21. Bg5 Qg4 22. Bxf6 Qxh4 23. Bxh4 Rd7 24. Re3 Re6 25. Rg3 Rh6 26. Bg5 Re6 27. f4 exf4 28. Bxf4 h4 29. Rh3 Kf8 30. Rf1 Ke7 31. Bg5+ f6 32. Bxh4 g5 33. Bg3 g4 34. Rh7+ Kd8 35. Bh4 Rxh7 36. Bxf6+ Rxf6 37. Rxf6 d5 38. Rg6 dxe4 39. dxe4 Rh8 40. Rxg4 Ke7 41. b4 Kf6 42. c4 Rh6 43. a4 Rg6 44. Rxg6+ Kxg6 45. c5 b6 46. cxb6 cxb6 47. Kf2 Kf6 48. Ke3 Ke5 49. h4 Kf6 50. g4 a5 51. bxa5 bxa5 52. Kd4 Kg6 53. e5 Kh6 54. e6 Kg7 55. Kd5 Kf8 56. Kd6 Ke8 57. e7 Kf7 58. Kd7 Kf6 59. e8=Q Kg7 60. Qe6 Kf8 61. Qe7+ Kg8 62. Ke6 Kh8 63. Kf6 Kg8 64. Qg7# 1-0

[Event "Junior Online 4NCL Division 4"]
[Site "online"]
[Date "2022.02.03"]
[EventDate "2022.02.03"]
[Round "2.127"]
[White "Trim, Xanthe"]
[WhiteElo "775"]
[WhiteTeam "Edgware Gambits J"]
[Black "Edwards, Zachary"]
[BlackElo "882"]
[BlackTeam "Surrey Kings 3"]
[Result "1/2-1/2"]
[PlyCount "186"]

1. d4 d5 2. Bg5 Nc6 3. Nf3 Bf5 4. Nc3 Nb4 5. Rc1 h6 6. Bh4 g5 7. Bg3 Nf6 8. Ne5 Ng4 9. Nxf7 Kxf7 10. e3 e6 11. Bb5 c6 12. Ba4 Nf6 13. a3 Na6 14. b4 Nc7 15. O-O b5 16. Bb3 Ne4 17. Qh5+ Bg6 18. Qg4 Bf5 19. Qh5+ Ke7 20. Nxe4 Bxe4 21. f3 Bh7 22. e4 dxe4 23. fxe4 Kd7 24. Qf7+ Kc8 25. d5 cxd5 26. exd5 exd5 27. Rcd1 Bg8 28. Qf5+ Be6 29. Qe5 Bd6 30. Qc3 Bxg3 31. hxg3 Rf8 32. Rxf8 Qxf8 33. Qc5 Qxc5+ 34. bxc5 Rb8 35. c6 Rb6 36. c4 bxc4 37. Ba4 Ra6 38. Bc2 Rxa3 39. Rf1 Kd8 40. Rf8+ Ke7 41. Rh8 Ra1+ 42. Kf2 Ra2 43. Rh7+ Kd6 44. Rxh6 Rxc2+ 45. Kf3 Kxc6 46. g4 a5 47. Rh5 a4 48. Rxg5 a3 49. Rh5 a2 50. Rh1 Rc3+ 51. Kf4 Ra3 52. g5 a1=Q 53. Rxa1 Rxa1 54. g6 Rf1+ 55. Kg5 Rg1 56. g7 Rxg2+ 57. Kh6 Ne8 58. Kh7 Rxg7+ 59. Kh8 Rf7 60. Kg8 Nf6+ 61. Kh8 Rf8+ 62. Kg7 Nd7 63. Kh6 Rg8 64. Kh7 Ne5 65. Kh6 Bf5 66. Kh5 Rg7 67. Kh6 Rg6+ 68. Kh5 Bg4+ 69. Kh4 Nf3+ 70. Kg3 Ne5 71. Kf4 Nd3+ 72. Ke3 Re6+ 73. Kd4 Re4+ 74. Kc3 Nc5 75. Kb4 Na6+ 76. Kc3 d4+ 77. Kxc4 Be6+ 78. Kd3 Nc5+ 79. Kd2 Re3 80. Kc2 Bg4 81. Kd2 Nb3+ 82. Kc2 Na1+ 83. Kd2 Nb3+ 84. Kc2 d3+ 85. Kxb3 d2+ 86. Kc2 Rd3 87. Kxd3 d1=Q+ 88. Ke3 Qe1+ 89. Kf4 Qe6 90. Kg5 Qf5+ 91. Kh4 Kd5 92. Kg3 Ke4 93. Kh4 Kf4 1/2-1/2

[Event "Junior Online 4NCL Division 4"]
[Site "online"]
[Date "2022.02.03"]
[EventDate "2022.02.03"]
[Round "2.131"]
[White "Yarranton, Isaac"]
[WhiteElo "1000"]
[WhiteTeam "Edgware Gambits H"]
[Black "Jhamna, Florian"]
[BlackElo "1260"]
[BlackTeam "The Hall 3"]
[Result "1-0"]
[PlyCount "47"]

1. d4 e6 2. Bf4 d5 3. Nc3 c5 4. Nf3 Nc6 5. e3 Nf6 6. Bg5 Bd7 7. e4 dxe4 8. Nxe4 Be7 9. Nxf6+ Bxf6 10. Bxf6 Qxf6 11. c3 O-O 12. Bd3 b6 13. O-O Rfe8 14. Be4 Rac8 15. dxc5 bxc5 16. Qxd7 Ne5 17. Qxa7 g5 18. Rad1 Nxf3+ 19. Bxf3 g4 20. Bxg4 h5 21. Bxh5 Kg7 22. Rd3 Rh8 23. Rg3+ Kf8 24. Rf3 1-0

[Event "Junior Online 4NCL Division 4"]
[Site "online"]
[Date "2022.02.03"]
[EventDate "2022.02.03"]
[Round "2.132"]
[White "O'Sullivan, Conor"]
[WhiteElo "1208"]
[WhiteTeam "The Hall 3"]
[Black "Vijayadeva, Ishani"]
[BlackElo "1000"]
[BlackTeam "Edgware Gambits H"]
[Result "0-1"]
[PlyCount "46"]

1. e4 e5 2. Nf3 Nc6 3. Nc3 Nf6 4. Bc4 Bc5 5. Nxe5 Nxe5 6. d4 Nxc4 7. dxc5 O-O 8. Bg5 h6 9. Bh4 Qe8 10. O-O Nxb2 11. Qb1 Nc4 12. Re1 d6 13. cxd6 cxd6 14. e5 dxe5 15. Bxf6 gxf6 16. Qc1 Kh7 17. Re4 b6 18. Rh4 Rh8 19. Ne4 Kg7 20. Rg4+ Kf8 21. Nxf6 Qc6 22. Nh5 Bxg4 23. f3 Bxh5 0-1

[Event "Junior Online 4NCL Division 4"]
[Site "online"]
[Date "2022.02.03"]
[EventDate "2022.02.03"]
[Round "2.133"]
[White "Lewis, Tom"]
[WhiteElo "900"]
[WhiteTeam "Edgware Gambits H"]
[Black "Otokpa, Eli"]
[BlackElo "970"]
[BlackTeam "The Hall 3"]
[Result "1-0"]
[PlyCount "59"]

1. e4 e5 2. Nf3 Nc6 3. Nc3 Nf6 4. Bc4 Bc5 5. O-O d6 6. d3 O-O 7. Bg5 Bg4 8. Bxf6 Qxf6 9. Nd5 Qd8 10. h3 Bxf3 11. Qxf3 Nd4 12. Qd1 Nf5 13. exf5 c6 14. Ne3 Qh4 15. Qg4 Qd8 16. f6 Qxf6 17. Nf5 b6 18. b4 Bxb4 19. Rab1 Bc3 20. Ne3 Rae8 21. Nd1 a6 22. Nxc3 c5 23. Rxb6 a5 24. Nd5 Qe7 25. Nxe7+ Rxe7 26. Rxd6 e4 27. Qg5 Rfe8 28. Qxe7 Rxe7 29. Rd8+ Re8 30. Rxe8# 1-0

[Event "Junior Online 4NCL Division 4"]
[Site "online"]
[Date "2022.02.03"]
[EventDate "2022.02.03"]
[Round "2.134"]
[White "Henton, George"]
[WhiteElo "670"]
[WhiteTeam "The Hall 3"]
[Black "Szajman, Benjamin"]
[BlackElo "790"]
[BlackTeam "Edgware Gambits H"]
[Result "1-0"]
[PlyCount "85"]

1. e4 e5 2. Nf3 Nc6 3. Bc4 Nf6 4. Nc3 Bb4 5. a3 Ba5 6. b4 Bb6 7. Ng5 O-O 8. Nxf7 Rxf7 9. Bxf7+ Kxf7 10. d3 d6 11. Bg5 Kg6 12. Bh4 Bg4 13. Qc1 Kh5 14. Bxf6 gxf6 15. O-O d5 16. exd5 Qg8 17. dxc6 bxc6 18. Ne4 Bf5 19. Nxf6+ Kg6 20. Nxg8 Rxg8 21. c4 Bxd3 22. Rd1 Be4 23. c5 Bxc5 24. bxc5 Kf7 25. Rd7+ Kf6 26. Rxc7 Rg7 27. Rxg7 Kxg7 28. Qe1 Bd3 29. Qxe5+ Kg6 30. Qe3 Bf5 31. g4 Be6 32. Qxe6+ Kg5 33. Qxc6 Kxg4 34. Qc7 Kh3 35. Qxa7 Kg4 36. Qxh7 Kf4 37. Qe7 Kf5 38. c6 Kf4 39. c7 Kf3 40. c8=Q Kf4 41. Qcf8+ Kg4 42. Qeg7+ Kh4 43. Qfh8# 1-0

[Event "Junior Online 4NCL Division 4"]
[Site "online"]
[Date "2022.02.03"]
[EventDate "2022.02.03"]
[Round "2.135"]
[White "Jhamna, Florian"]
[WhiteElo "1260"]
[WhiteTeam "The Hall 3"]
[Black "Yarranton, Isaac"]
[BlackElo "1000"]
[BlackTeam "Edgware Gambits H"]
[Result "1-0"]
[PlyCount "43"]

1. e4 e5 2. Bc4 Nf6 3. Nc3 Bc5 4. Nf3 Nc6 5. d3 d6 6. Bg5 Bg4 7. Nd5 Bxf3 8. Qxf3 O-O 9. Nxf6+ gxf6 10. Bh6 Ne7 11. h4 f5 12. Qg3+ Ng6 13. h5 c6 14. hxg6 hxg6 15. Bxf8 Kxf8 16. Qh3 Ke7 17. Qh7 Qf8 18. exf5 gxf5 19. Qxf5 Qg7 20. Rh7 Qxg2 21. Qxf7+ Kd8 22. Qd7# 1-0

[Event "Junior Online 4NCL Division 4"]
[Site "online"]
[Date "2022.02.03"]
[EventDate "2022.02.03"]
[Round "2.137"]
[White "Otokpa, Eli"]
[WhiteElo "970"]
[WhiteTeam "The Hall 3"]
[Black "Lewis, Tom"]
[BlackElo "900"]
[BlackTeam "Edgware Gambits H"]
[Result "1-0"]
[PlyCount "41"]

1. e4 e5 2. Nf3 Nc6 3. Nc3 Nf6 4. Bd3 Bc5 5. Bc4 O-O 6. O-O d6 7. d3 Bg4 8. Bf4 exf4 9. Nb5 a6 10. Nc3 Bxf3 11. Qxf3 b5 12. Bd5 Qd7 13. a3 Nxd5 14. Nxd5 Nd4 15. Qh5 g6 16. Qh6 Ne2+ 17. Kh1 c6 18. Nf6+ Kh8 19. Nxd7 Rfd8 20. Nf6 d5 21. Qxh7# 1-0